000 00443nam a2200169 i 4500
001 bg
100 1 _aDYJA, Henryk
245 0 _aSymetryczny i asymetryczny proces walcowania dwuwarstwowych wyrobów płaskich /
_cH. Dyja.
260 _aCzęstochowa,
_c1990.
490 1 _aMonografie ;
_vnr 12
830 _aMonografie ;
040 _cBPK
041 _apol
080 _a621.77
942 _cKS
008 s pl f |000 0 pol
999 _c29175
_d29175
856 _uhttp://koha.tu.koszalin.pl/cgi-bin/koha/opac-detail.pl?biblionumber=29175
_yKatalog online BPK